000
00341nam a2200157Ia 4500
003
0STCL
008
150530s9999 xx 000 0 und d
040
_a
STCL
_c
STCL
100
_a
Mandi, E.
245
_a
Statistical physics
260
_b
ELBS
_c
1978
546
_a
English
942
_2
ddc
_c
BK
999
_c
28672
_d
28672
005
20220125170134.0